Chitty on contracts (Record no. 102707)

MARC details
000 -LEADER
fixed length control field 00746cam a2200241 4500
008 - FIXED-LENGTH DATA ELEMENTS--GENERAL INFORMATION
fixed length control field 000000n2004 000 0 eng u
020 ## - INTERNATIONAL STANDARD BOOK NUMBER
International Standard Book Number 0421842601
035 ## - SYSTEM CONTROL NUMBER
System control number (Sirsi) u121679
041 ## - LANGUAGE CODE
Language code of text/sound track or separate title eng
050 ## - LIBRARY OF CONGRESS CALL NUMBER
Classification number 346.4102
-- 18
245 ## - TITLE STATEMENT
Title Chitty on contracts
250 ## - EDITION STATEMENT
Edition statement 29th ed.
260 ## - PUBLICATION, DISTRIBUTION, ETC.
Place of publication, distribution, etc. London
Name of publisher, distributor, etc. Sweet and Maxwell
Date of publication, distribution, etc. 2004
300 ## - PHYSICAL DESCRIPTION
Extent 2 v. (ccclii, 1967; cccxxxiv, 1785p.)
Dimensions 25cm.
350 ## - PRICE (NR) (BK AM CF MU VM SE) [OBSOLETE]
Price 330
490 ## - SERIES STATEMENT
Series statement Sweet and Maxwell Common Law Library
520 ## - SUMMARY, ETC.
Summary, etc. The 29th edition of this two volume work deals with all aspects of contract law, including general principles and specific contracts.
650 ## - SUBJECT ADDED ENTRY--TOPICAL TERM
Topical term or geographic name entry element CONTRACT LAW
650 ## - SUBJECT ADDED ENTRY--TOPICAL TERM
Topical term or geographic name entry element Contracts
9 (RLIN) 6232
690 ## - LOCAL SUBJECT ADDED ENTRY--TOPICAL TERM (OCLC, RLIN)
Topical term or geographic name as entry element LAW
700 ## - ADDED ENTRY--PERSONAL NAME
Personal name Beale, H.G.
International Standard Serial Number Editor
942 ## - ADDED ENTRY ELEMENTS (KOHA)
Suppress in OPAC 0
Holdings
Withdrawn status Lost status Source of classification or shelving scheme Damaged status Not for loan Home library Current library Shelving location Date acquired Total Checkouts Full call number Barcode Date last seen Copy number Price effective from Koha item type
    Dewey Decimal Classification     London London Books 28/05/2004   346.4102 BEA VOL II 30069337 06/08/2019 1 06/08/2019 Reference material
    Dewey Decimal Classification     London London Books 28/05/2004   346.4102 BEA VOL I 30069336 06/08/2019 1 06/08/2019 Reference material